000 00433 a2200109 4500
001 ART_3245
005 20260410161713.0
008 260409a
245 1 0 _aUn análisis de la performance del segmento industrial estable y su impacto en el modelo de creciemiento económico argentino (1949-1967)
100 1 _aGuerberoff, Simón L.
773 0 _tDesarrollo económico
_g- Vol. 16, Nº 64 (ene./mar. 1977)
_wREV1174
999 _c16249
_d16249